000 00447nam a22001817a 4500
005 20230613120331.0
008 230607b |||||||| |||| 00| 0 eng d
020 _a1556229518
082 _a 794.815
_bBET-G
100 _aBethke:Erik
245 _aGAME DEVELOPMENT and PRODUCTION
260 _aUSA
_bWordware Publishing,Inc
_c2003
300 _a412
500 _aINDEX GIVEN
650 _aEngineering
700 _aErik,Bethke
999 _c18653
_d18653